On This Day: June 23rd Quiz Stats

 Plays Quiz Updated Jun 23, 2017

Support Sporcle.
Go Orange.
Score 0/7 Timer 03:00
1 Play Today
Question Answer Wrong Answers
This man, the founder of the Province of Pennsylvania, signs a friendship treaty with the Lenni Lenape Indians.
1683
William Penn
89.2%
John Pennies
1.8%
Thomas Pennsell
3%
Samuel Pennyworth
5.8%
By a total of 52% to 48%, the United Kingdom votes in a referendum to ______.
2016
Leave the European Union
89.1%
Allow Scottish Independence
2.1%
Implement Law-Making Reforms
1%
Remain in NATO
2.8%
A treaty which sets aside ______ as a scientific preserve and bans military activity comes into force.
1961
Antarctica
78.4%
Greenland
11.2%
Patagonia
3.7%
Siberia
2.6%
In his only visit to the city, Adolf Hitler tours the architecture of this capital with architect Albert Speer and sculptor Arno Breker.
1940
Paris
66.6%
Madrid
7.3%
Sofia
5.1%
Budapest
17.6%
The Education Amendments of 1972 are signed into law in the US. This portion of the legislation prohibits sexual discrimination to any educational program receiving federal funds.
1972
Title IX
63.3%
Title X
13.9%
Title XX
9.1%
Title V
9%
This athletic organization is founded at the Sorbonne in Paris, at the initiative of Baron Pierre de Coubertin.
1894
International Olympic Committee
61.2%
Fédération Internationale de Football Association
20.4%
Union Cycliste Internationale
12.8%
Amateur Athletic Union
3%
The Rocky Mountains Park Act becomes law in Canada, creating the nation's first national park, ______.
1887
Banff National Park
58.2%
Glacier National Park
28%
Thousand Islands National Park
5.6%
Elk Island National Park
7.1%

You're not logged in!

Compare scores with friends on all Sporcle quizzes.
OR
Log In
Forgot?

From the Vault

Team Fortress 2 Classes

by azzaa

Team Fortress 2 is the classiest game we can think of.
Remove Ads.
Support Sporcle.
Get the best of Sporcle when you Go Orange. This ad-free experience offers more features, more stats, and more fun while also helping to support Sporcle. Thank you for becoming a member.

Show Comments

Extras

Top Quizzes Today


Score Distribution

Your Account Isn't Verified!

In order to create a playlist on Sporcle, you need to verify the email address you used during registration. Go to your Sporcle Settings to finish the process.

Report this User

Report this user for behavior that violates our Community Guidelines.

Details: